| 000 | 00000nam##2200000za#4500 |
| 001 | 9.580219 |
| 003 | CaOODSP |
| 005 | 20210624190932 |
| 007 | cr ||||||||||| |
| 008 | 150406|2013||||xxc|||||o f|0| 0 eng|d |
| 022 | |a1713-3556 |
| 040 | |aCaOODSP|beng |
| 043 | |an-cn--- |
| 086 | 1 |aK24-1/11-2E-PDF |
| 110 | 2 |aCanada Council for the Arts. |
| 245 | 14|aThe arts and individual well-being in Canada : |h[electronic resource]|bconnections between cultural activities and health, volunteering, satisfaction with life, and other social indicators in 2010 / |cprepared by Kelly Hill, Hill Strategies Research Inc ; funded by the Ontario Arts Council. |
| 260 | |aHamilton - Ontario : |bCanada Council for the Arts |cJanuary 2013. |
| 300 | |a37p.|bgraphs, tables |
| 490 | 1 |aStatistical insights on the arts|x1713-3556|vVol. 11, no. 2 |
| 590 | |a15-02-Supp|b2015-02-16 |
| 690 | 07|aArts|2gcpds |
| 690 | 07|aHealth impact|2gcpds |
| 775 | 08|tLes arts et le bien-être individuel au Canada : |w(CaOODSP)9.607271 |
| 830 | #0|aStatistical insights on the arts,|x1713-3556|vVol. 11, no. 2|w(CaOODSP)9.507397 |
| 856 | 40|ahttp://publications.gc.ca|qPDF|s588 KB|uhttps://publications.gc.ca/collections/collection_2014/canadacouncil/K24-1-11-2-eng.pdf|yVol. 11, no. 2 |